Ján Baltazár Magin

Bibliographic Details
Main Author: (PMK) (Author)
Format: Article
Language:Slovak
Subjects:

MARC

LEADER 00000nab a2200000 a 4500
001 vtls000548848
003 SK-MaSNL
005 20260303012126.0
008 160216c xo 0 slo
015 |a SNBRB19rr/mm-uuuuu 
035 |a CL0548986 
040 |a SNKBUCL  |b slo  |c SNKBUCL  |e AACR2 
041 0 |a slo 
044 |a xo  |c SK 
080 |a 82:929:885.4  |2 1981 
080 |a 885.4  |2 1981 
080 |a 943.76-051"16/17"  |2 1981 
080 |a 261.1  |2 1981 
080 |a 929 Magin, Ján Baltazár  |2 1981 
100 1 |a (PMK)  |4 aut  |9 903696 
245 1 0 |a Ján Baltazár Magin  |c (PMK) 
600 1 7 |a Magin, Ján Baltazár,  |d 1681-1735  |2 snkbucl  |9 182887 
655 7 |a články z novín a časopisov  |2 snkbucl  |9 267496 
655 7 |a články z odboru literárna veda a krásna literatúra  |2 snkbucl  |9 770045 
773 0 |t Slovenské národné noviny  |g Roč. 6 (10), č. 14 (1995), s. 12  |x 0862-8823 
850 |a Slovenská národná knižnica v Martine  |a MTA001 
852 |a SNK  |b KIS3GCP 
958 |a BX 
958 |a RK 
958 |a LX 
958 |a SK 
992 |a RBX 
999 |c 1595607  |d 1597537